000 00296nam a2200121Ia 4500
008 241028s9999 xx 000 0 und d
041 _aeng
082 _a153.69 KUH
100 _aKuhnke
245 _aBody Language For Dummies
260 _bWiley India
_aNew Delhi
_c2014
300 _a362;. P. 23 cm
999 _c43032
_d43032